Datum a čas kvízu
25.5
Celkem bodů
Celkový počet nahraných bodů na tomto kvízu bez doplňovacích otázek.
11.
Pořadí na kvízu
Konečné umístění týmu na tomto kvízu.
Zaznamenané odpovědi
| # | Otázka | Odpověď | Body | Výsledky |
|---|---|---|---|---|
| 1. | Která oceňovaná česká stavba o... | vysílač a hotel na Ještědu | 0 | |
| 2. | Ve které evropské zemi se minu... | v Litvě | 1 | |
| 3. | V úterý nás opustil Milan Kund... | 94. narozeniny, Francie | 0.5 | |
| 4. | Minulý týden rozhodla česká vl... | kratom, HHC (hexahydrokanabinol) | 1 | |
| 5. | Senzační cestu za wimbledonský... | v Sokolově | 1 | |
| 6. | Průkopník teorie raketových le... | D | 0 | |
| 7. | Ve kterém roce došlo k vypuště... | 1957 (Sputnik 1), 1961 (Gagarin) | 0 | |
| 8. | Který americký prezident v rea... | John Fitzgerald Kennedy | 0 | |
| 9. | Na fotografii je sovětská vesm... | na Venuši | 0 | |
| 10. | Na území kterého dnešního stát... | Kazachstán | 1 |